Letterboxd's 100 Most Popular Movies by Picture - Statistics

General Stats
  • This quiz has been taken 819 times
  • The average score is 76 of 100
Answer Stats
Picture Answer % Correct
Barbie
100%
Joker
97%
Dune
95%
Oppenheimer
95%
Fight Club
94%
Dune: Part 2
93%
Interstellar
93%
Ratatouille
93%
Titanic
93%
The Batman
92%
The Truman Show
92%
Forrest Gump
91%
Inside Out
91%
The Godfather
91%
Up
91%
La La Land
90%
The Dark Knight
90%
The Hunger Games
90%
Black Panther
89%
The Matrix
89%
Back to the Future
88%
Deadpool
88%
Wicked
88%
American Psycho
87%
Inside Out 2
87%
Kill Bill
87%
Parasite
87%
Pulp Fiction
87%
Spider-Man: Into the Spider-Verse
87%
The Wolf of Wall Street
87%
Coco
86%
Star Wars
86%
The Lord of the Rings: The Fellowship of the Ring
86%
Black Swan
85%
Get Out
85%
Mean Girls
85%
Whiplash
85%
Avengers: Endgame
83%
Fantastic Mr. Fox
82%
Everything Everywhere All at Once
81%
Spider-Man: Across the Spider-Verse
81%
Coraline
80%
Guardians of the Galaxy
80%
Dead Poets Society
79%
Deadpool and Wolverine
79%
Knives Out
79%
The Social Network
79%
Spirited Away
78%
Avengers: Infinity War
77%
Inception
77%
Midsommar
77%
The Grand Budapest Hotel
77%
The Shawshank Redemption
77%
Once Upon a Time... in Hollywood
76%
The Devil Wears Prada
76%
The Shining
76%
Good Will Hunting
75%
Spider-Man: No Way Home
75%
The Silence of the Lambs
75%
Se7en
74%
Django Unchained
73%
Harry Potter and the Philosopher's Stone
73%
Sinners
73%
Taxi Driver
71%
Baby Driver
70%
Challengers
70%
Donnie Darko
70%
Eternal Sunshine of the Spotless Mind
70%
Harry Potter and the Prisoner of Azkaban
69%
10 Things I Hate About You
68%
Blade Runner 2049
68%
Call Me by Your Name
68%
Jojo Rabbit
68%
500 Days of Summer
67%
Knives Out: Glass Onion
67%
Shutter Island
67%
The Menu
67%
Little Women
66%
Poor Things
65%
Conclave
64%
Lady Bird
64%
The Perks of Being a Wallflower
64%
Her
62%
Gone Girl
61%
Inglorious Basterds
60%
Anora
59%
Goodfellas
59%
Howl's Moving Castle
59%
The Substance
59%
Mickey 17
58%
Scott Pilgrim vs. the World
58%
Nosferatu
56%
Saltburn
55%
Pearl
52%
Nope
51%
Little Miss Sunshine
49%
Hereditary
47%
Aftersun
44%
Arrival
44%
Past Lives
42%
No matching quizzes found
Score Distribution
Percent of People with Each Score
Percentile by Number Answered
Your Score History
You have not taken this quiz